00476 2200181 4500001002100000005001500021035002000036008004100056245006000097100001900157260003100176300001200207020001800219084001800237082000800255650001300263990001800276INLIS00000000000036520240823075123 a0010-0724000365240823 0 ind 1 aJelajah Informasi Menggunakan Internet /cZainal Arifin aArifin, Zainal aBekasi :bPT. Pijar,c2009 a58 hlm. a979-3372-78-8 a004.678 ARI j a004 4aKomputer aP29/CP/24/365